| 000 | 01067nam a22001937a 4500 | ||
|---|---|---|---|
| 003 | OSt | ||
| 005 | 20251108160838.0 | ||
| 008 | 251108b |||||||| |||| 00| 0 eng d | ||
| 040 | _cDCL | ||
| 082 | _a၂၉၄.၃၈၂၂၃ | ||
| 130 |
_aတိပိဋက။ _pဝိနယပိဋက။ _tမဟာဝဂ္ဂ၊ _lပါဠိတော်။ _sနိဿယ။ |
||
| 245 |
_aမဟာဝါပါဠိတော်နိဿယ၊ _nပထမတွဲ / _cဘာသာပြန်ဆိုသူ ဝေယန်ဘုံသာဆရာတော်။ |
||
| 250 | _aဒုတိယအကြိမ်။ | ||
| 264 |
_aရန်ကုန် ၊ _bဣစ္ဆာသယပိဋကစာပုံနှိပ်တိုက်၊ _c၁၉၇၅။ |
||
| 300 |
_aဇ၊ ၂၉၄ စာမျက်နှာ ၊ _c၂၅ စင်တီ။ |
||
| 650 |
_aမဟာဝါ _vပါဠိတော် နိဿယ။ |
||
| 700 | 0 |
_aဝေယန်ဘုံသာဆရာတော်။ _eဘာသာပြန်ဆိုသူ |
|
| 942 |
_2ddc _cSHORT TERM _n0 |
||
| 999 |
_c2437 _d2437 |
||